01688nam a2200277 a 4500001001000000005001700010008004100027041000800068044000700076084002000083100004500103245008800148260003100236300002200267500018700289500010300476500051400579500001301093546002501106650005201131650005601183650003401239650004501273700004201318740005001360BRCA_313020190320204127.0040209s1863----fr-a---###---#000-0dfre-u afre afr a433b.H34c18631 aCervantes Saavedra, Miguel ded1547-161610aL´Ingénieux Hidalgo Don Quijotte de la Manchecpar Miguel de Cervantes Saavedra. aParísbL. Hachettec1863 a2 v.bil.c45 cm. aContenido : v 1. Primera parte. Noticia sobre la vida y obra de Cervantes por L. Viiardot. Prólogo del autor. Notas, Texto. -- v 2. Segunda parte. Prólogo del autor. Notas. Texto aEdición : Traduction de Louis Viardot. Avec les dessins de Gustave Doré, gravés par H. Pisan aEdición lujosísima, magníficamente impresa, de la célebre traducción de L. Viardot. Además de 120 láminas que la embellecen, va enriquecida con preciosas viñetas puestas al principio y fin de cada capítulo, debidas todas a la exuberante fantasía del famoso artista Gustavo Doré -en opinión de muchos críticos- el mejor ilustrador de la magna novela. Es la primera edición que estampó tan hermosas producciones. Semipiel; lomeras y cubiertas decoradas con dorados Lúdovik Osterc aQM363(?) aTexto en : francés14aNovela españolayÉpoca clásica, 1500-170014aLiteratura españolayÉpoca clásica, 1500-170014aNovela españolaySiglo XVII14aDon Quijote (Personaje ficticio)eNovela1 aViardot, Louisd1800-1883eBiógrafo0 aEl Ingenioso Hidalgo Don Quijote de la Mancha